[Event "Maastricht Limburg op-C 4th"]
[Site "Maastricht"]
[Date "2010.05.24"]
[Round "6"]
[White "Allen, Timothy S"]
[Black "Van Steenwinckel, Hugo"]
[Result "1/2-1/2"]
[WhiteElo "1699"]
[BlackElo "1645"]
[PlyCount "79"]
[EventDate "2010.05.21"]
[EventType "swiss"]
[EventRounds "7"]
[EventCountry "NED"]
[SourceTitle "EXT 2011"]
[Source "ChessBase"]
[SourceDate "2010.11.26"]
[SourceVersion "1"]
[SourceVersionDate "2010.11.26"]
[SourceQuality "1"]

1. e4 e5 2. Bc4 Nf6 3. d4 Nc6 4. Nf3 exd4 5. e5 Ng8 6. 0-0 d5 7. exd6 Bxd6 8. Re1+ Nge7 9. Ng5 0-0 10. Qh5 h6 11. Nxf7 Rxf7 12. Bxf7+ Kf8 13. Bc4 Qe8 14. Qxe8+ Kxe8 15. Nd2 Bf5 16. c3 dxc3 17. bxc3 Kd7 18. Ne4 Rd8 19. Nxd6 cxd6 20. Bf4 Ng6 21. Bg3 Nge5 22. Bb5 Kc7 23. Rad1 a6 24. Ba4 Nd3 25. Re2 Nce5 26. Bxe5 dxe5 27. f3 e4 28. fxe4 Bg4 29. Red2 Bxd1 30. Bxd1 Nc5 31. Rxd8 Kxd8 32. Bc2 Ke7 33. Kf2 Ke6 34. g4 Ke5 35. Ke3 b6 36. h4 Ne6 37. h5 a5 38. a4 Nc5 39. Kf3 Nd7 40. Ke3 1/2-1/2

[Event "Maastricht Limburg op-C 4th"]
[Site "Maastricht"]
[Date "2010.05.22"]
[Round "2"]
[White "Van den Bosch, Arno"]
[Black "Van Steenwinckel, Hugo"]
[Result "1-0"]
[WhiteElo "1336"]
[BlackElo "1645"]
[PlyCount "65"]
[EventDate "2010.05.21"]
[EventType "swiss"]
[EventRounds "7"]
[EventCountry "NED"]
[SourceTitle "EXT 2011"]
[Source "ChessBase"]
[SourceDate "2010.11.26"]
[SourceVersion "1"]
[SourceVersionDate "2010.11.26"]
[SourceQuality "1"]

1. e4 c5 2. Nf3 d6 3. c3 Nf6 4. Be2 Nxe4 5. Qa4+ Bd7 6. Qxe4 Nc6 7. d4 cxd4 8. cxd4 g6 9. d5 Bf5 10. Qa4 Qa5+ 11. Qxa5 Nxa5 12. Bd2 Rc8 13. 0-0 Bg7 14. Bb5+ Kf8 15. Nc3 a6 16. Be2 b5 17. Rac1 Nb7 18. Nh4 Bd7 19. b4 Bf6 20. Nf3 Bf5 21. a4 bxa4 22. Nxa4 Kg7 23. Bxa6 Ra8 24. Bxb7 Rxa4 25. b5 Bb2 26. Rc7 Bd3 27. Re1 Bf6 28. b6 h6 29. Bc6 Ra2 30. b7 Rb2 31. Rc8 Bf5 32. Rxh8 Kxh8 33. Ba5 1-0